Kelly Clarckson- Piece by Piece lyrics - Statistics

General Stats
  • This quiz has been taken 152 times
  • The average score is 223 of 291
Answer Stats
Answers % Correct
you
99%
a
98%
the
96%
I
95%
he
92%
He
92%
to
92%
And
90%
and
90%
be
90%
in
90%
me
90%
by
89%
is
87%
love
87%
Your
87%
your
87%
of
86%
piece
84%
Piece
84%
all
83%
That
83%
that
83%
walk
82%
can
80%
man
80%
want
80%
where
80%
ground
78%
never
78%
off
77%
see
77%
collected
76%
take
75%
Up
75%
up
75%
away
73%
her
73%
So
73%
us
73%
for
72%
it
71%
It
71%
remember
71%
takes
71%
will
71%
abandoned
70%
airport
70%
back
70%
Back
70%
but
70%
But
70%
could
70%
father
70%
have
70%
know
70%
leaving
70%
my
70%
walking
70%
past
69%
six
69%
at
67%
like
67%
loves
67%
old
67%
stay
67%
was
67%
years
67%
care
66%
should
66%
things
66%
burned
65%
didnt
65%
kind
65%
money
65%
asks
64%
miles
64%
has
63%
hundred
63%
She
63%
fifteen
61%
cause
60%
come
60%
from
60%
holes
60%
restored
60%
faith
59%
fall
59%
heart
59%
leave
59%
left
59%
now
59%
towards
59%
walks
59%
worth
59%
filled
58%
made
58%
words
58%
Begged
57%
he'll
57%
He'll
57%
isn't
57%
put
57%
then
57%
free
55%
myself
55%
something
55%
break
54%
flat
54%
Im
54%
wanna
54%
earned
53%
Because
52%
first
52%
great
52%
anything
49%
worthless
49%
Yeah
49%
yeah
49%
Going
48%
travelled
48%
wonder
48%
needed
45%
far
43%
fell
43%
tree
43%
unlike
43%
No matching quizzes found
Score Distribution
Percent of People with Each Score
Percentile by Number Answered
Your Score History
You have not taken this quiz